MARC

LEADER 00000nam0a2200000 4500
001 303490
005 20231102001616.0
020 |a RU  |b 83-34101 
035 |a (RuTPU)RU\TPU\book\328713 
090 |a 303490 
100 |a 20150902d1983 km y0rusy5003 ca 
101 0 |a rus 
102 |a RU 
105 |a a z 001zy 
200 1 |a Кристаллохимия безводных боратов  |f Н. И. Леонюк, Л. И. Леонюк 
210 |a Москва  |c Изд-во МГУ  |d 1983 
215 |a 215 с.  |c ил. 
320 |a Библиогр.: с. 193-214 
606 1 |a Бораты  |x Кристаллохимия  |2 stltpush  |3 (RuTPU)RU\TPU\subj\30081  |9 53261 
610 1 |a безводные бораты 
610 1 |a кристаллохимические данные 
610 1 |a анионы 
610 1 |a полианионные соединения 
610 1 |a структура 
610 1 |a классификация 
610 1 |a расчленение 
675 |a 548.3:546  |v 3 
700 1 |a Леонюк  |b Н. И.  |g Николай Иванович  |4 070 
701 1 |a Леонюк  |b Л. И.  |g Лидия Ивановна  |4 070 
801 0 |a RU  |b RuMRKP  |c 19950704  |g psbo 
801 1 |a RU  |b 63413507  |c 20150902 
801 2 |a RU  |b 63413507  |c 20201215  |g RCR 
942 |c BK